Doing research in education theory and practice

This book will help you to plan, design and conduct quality research within the specific context of education and educational studies.

Na minha lista:
Detalhes bibliográficos
Formato: Livro
Idioma:Undetermined
Publicado em: London Sage 2016
Assuntos:
Tags: Adicionar Tag
Sem tags, seja o primeiro a adicionar uma tag!
Thư viện lưu trữ: Trung tâm Học liệu Trường Đại học Cần Thơ
LEADER 00782nam a2200205Ia 4500
001 CTU_207592
008 210402s9999 xx 000 0 und d
020 |c 662000 
082 |a 370.72 
082 |b D657 
245 0 |a Doing research in education theory and practice 
245 0 |c Edited by Ioanna Palaiologou, David Needham and Trevor Male. 
260 |a London 
260 |b Sage 
260 |c 2016 
520 |a This book will help you to plan, design and conduct quality research within the specific context of education and educational studies. 
650 |a Education,Education,Giáo dục 
650 |x Research,Methodology,Research,Nghiên cứu,Phương pháp nghiên cứu 
904 |i Tuyến 
980 |a Trung tâm Học liệu Trường Đại học Cần Thơ